000 00710nam a22001937a 4500
008 130820b xxu||||| |||| 00| 0 eng d
020 _a9-9660-3115-0
082 _221 ed.
_a658.005
_bSHA
100 _aEdited by Lutz, David and Paul Mimbi
245 _aShare holder value & the common good :
_b essays on the objectives and purposes of business management
_cEdited by David Lutz and Paul Mimbi
260 _aNairobi, Kenya :
_bLawAfrica publishing (K) Ltd
_c2011
300 _aix, 394 P. ;
_c24 cm.
500 _aIncludes contributors
650 _aBusiness management
650 _aBusiness enterprise
650 _aShare holder value & the common good
700 _a Mimbi, Paul
942 _2ddc
_cBK
999 _c5523
_d5523